Central Library OPAC University of Rajshahi

Ascent to orbit : (Record no. 66535)

MARC details
000 -LEADER
fixed length control field 00726nam a2200229 a 4500
001 - CONTROL NUMBER
control field 66535
003 - CONTROL NUMBER IDENTIFIER
rucl marc code BD-RjUL
005 - DATE AND TIME OF LATEST TRANSACTION
control field 20211209081543.0
008 - FIXED-LENGTH DATA ELEMENTS--GENERAL INFORMATION
fixed length control field 831213s1984 nyua b 000 0 eng d
020 ## - INTERNATIONAL STANDARD BOOK NUMBER
International Standard Book Number 047187910X
035 ## - SYSTEM CONTROL NUMBER
System control number (BD-RjUL)66665
040 ## - CATALOGING SOURCE
Transcribing agency BD-RjUL
Modifying agency BD-RjUL
Language of cataloging eng
Original cataloging agency BD-RjUL
041 ## - LANGUAGE CODE
Language code of text/sound track or separate title eng
082 00 - DEWEY DECIMAL CLASSIFICATION NUMBER
Classification number 629.4
Edition number 23
Author mark and year CLA 1984
100 1# - MAIN ENTRY--PERSONAL NAME
Personal name Clarke, Arthur C.
Fuller form of name (Arthur Charles),
Dates associated with a name 1917-2008.
9 (RLIN) 26188
245 10 - TITLE STATEMENT
Title Ascent to orbit :
Remainder of title a scientific autobiography : the technical writings of Arthur C. Clarke /
Statement of responsibility, etc. Arthur C Clarke
260 ## - PUBLICATION, DISTRIBUTION, ETC. (IMPRINT)
Place of publication, distribution, etc. New York :
Name of publisher, distributor, etc. Wiley,
Date of publication, distribution, etc. 1984.
300 ## - PHYSICAL DESCRIPTION
Pagination viii, 226 p. :
Illustrations ill. ;
Size 29 cm.
504 ## - BIBLIOGRAPHY, ETC. NOTE
Bibliography, etc Includes bibliographies.
650 #0 - SUBJECT ADDED ENTRY--TOPICAL TERM
Topical term or geographic name as entry element Astronautics.
9 (RLIN) 196936
942 ## - ADDED ENTRY ELEMENTS (KOHA)
Source of classification or shelving scheme Dewey Decimal Classification
Koha item type Books
Holdings
Lost status Source of classification or shelving scheme Damaged status Not for loan Collection code Permanent Location Current Location Shelving location Date acquired Source of acquisition Total Checkouts Full call number Date last seen Copy number Koha item type
  Dewey Decimal Classification   Not For Loan Non-fiction Central Library, University of Rajshahi Central Library, University of Rajshahi Rare Book Section 16/08/1989 Asia Foundation   629.4 CLA 1984 18/03/2017 C-1 Books
  Dewey Decimal Classification     Non-fiction Central Library, University of Rajshahi Central Library, University of Rajshahi   21/08/1991 Asia Foundation   629.4 CLA 1984 12/11/2018 C-2 Books
  Dewey Decimal Classification     Non-fiction Central Library, University of Rajshahi Central Library, University of Rajshahi   21/08/1991 Asia Foundation   629.4 CLA 1984 12/11/2018 C-3 Books